Theory of electric polarisation / (Record no. 9128)
[ view plain ]
| 000 -LEADER | |
|---|---|
| fixed length control field | 00746nam a2200253 a 4500 |
| 001 - CONTROL NUMBER | |
| control field | 9128 |
| 003 - CONTROL NUMBER IDENTIFIER | |
| rucl marc code | BD-RjUL |
| 005 - DATE AND TIME OF LATEST TRANSACTION | |
| control field | 20211208234724.0 |
| 008 - FIXED-LENGTH DATA ELEMENTS--GENERAL INFORMATION | |
| fixed length control field | 140120s1952 enka 001 0 eng |
| 035 ## - SYSTEM CONTROL NUMBER | |
| System control number | (BD-RjUL) 9173 |
| System control number | (OCoLC)1879400 |
| 040 ## - CATALOGING SOURCE | |
| Original cataloging agency | DLC |
| Transcribing agency | FMU |
| Modifying agency | BD-RjUL |
| -- | DLC |
| Language of cataloging | eng |
| 041 ## - LANGUAGE CODE | |
| Language code of text/sound track or separate title | eng |
| 082 ## - DEWEY DECIMAL CLASSIFICATION NUMBER | |
| Classification number | 537.24 |
| Author mark and year | BOT 1952 |
| Edition number | 23 |
| 100 1# - MAIN ENTRY--PERSONAL NAME | |
| Personal name | Bottcher, C. J. F. |
| Fuller form of name | (Carl Johan Friedrich), |
| Dates associated with a name | 1915- |
| 9 (RLIN) | 28153 |
| 245 10 - TITLE STATEMENT | |
| Title | Theory of electric polarisation / |
| Statement of responsibility, etc. | C. J. F. Bottcher. |
| 260 ## - PUBLICATION, DISTRIBUTION, ETC. (IMPRINT) | |
| Place of publication, distribution, etc. | London : |
| Name of publisher, distributor, etc. | Elsevier Pub. Co., |
| Date of publication, distribution, etc. | 1952. |
| 300 ## - PHYSICAL DESCRIPTION | |
| Pagination | xiii, 492 p. : |
| Illustrations | ill. ; |
| Size | 23 cm. |
| 500 ## - GENERAL NOTE | |
| General note | Include index |
| 650 #0 - SUBJECT ADDED ENTRY--TOPICAL TERM | |
| Topical term or geographic name as entry element | Polarization (Electricity) |
| 9 (RLIN) | 28154 |
| Topical term or geographic name as entry element | Dielectrics. |
| 9 (RLIN) | 10798 |
| 942 ## - ADDED ENTRY ELEMENTS (KOHA) | |
| Source of classification or shelving scheme | Dewey Decimal Classification |
| Koha item type | Books |
| Lost status | Source of classification or shelving scheme | Damaged status | Not for loan | Collection code | Permanent Location | Current Location | Shelving location | Date acquired | Source of acquisition | Cost, normal purchase price | Total Checkouts | Full call number | Date last seen | Copy number | Koha item type |
|---|---|---|---|---|---|---|---|---|---|---|---|---|---|---|---|
| Dewey Decimal Classification | Non-fiction | Central Library, University of Rajshahi | Central Library, University of Rajshahi | 22/03/1966 | Zeitlinger | 75.00 | 537.24 BOT 1952 | 20/01/2014 | C-4 | Books | |||||
| Dewey Decimal Classification | Non-fiction | Central Library, University of Rajshahi | Central Library, University of Rajshahi | 22/03/1966 | Zeitlinger | 75.00 | 537.24 BOT 1952 | 06/10/2016 | C-5 | Books | |||||
| Dewey Decimal Classification | Not For Loan | Non-fiction | Central Library, University of Rajshahi | Central Library, University of Rajshahi | Reading Room | 22/03/1966 | Zeetlinger | 75.00 | 537.24 BOT 1952 | 11/05/2017 | C-1 | Books | |||
| Dewey Decimal Classification | Non-fiction | Central Library, University of Rajshahi | Central Library, University of Rajshahi | General Stacks | 09/05/1964 | Zeitlinger | 75.00 | 537.24 BOT 1952 | 23/08/2022 | C-2 | Books |